The Arab Spring and Arab Thaw : (Record no. 22090)
[ view plain ]
| 000 -LEADER | |
|---|---|
| fixed length control field | 02266cam a22003135a 4500 |
| 001 - CONTROL NUMBER | |
| control field | 17776671 |
| 005 - DATE AND TIME OF LATEST TRANSACTION | |
| control field | 20160801134349.0 |
| 008 - FIXED-LENGTH DATA ELEMENTS--GENERAL INFORMATION | |
| fixed length control field | 130613t2013 enk frb 001 0 eng d |
| 010 ## - LIBRARY OF CONGRESS CONTROL NUMBER | |
| LC control number | 2013020321 |
| 015 ## - NATIONAL BIBLIOGRAPHY NUMBER | |
| National bibliography number | GBB384775 |
| Source | bnb |
| 016 7# - NATIONAL BIBLIOGRAPHIC AGENCY CONTROL NUMBER | |
| Record control number | 016499281 |
| Source | Uk |
| 020 ## - INTERNATIONAL STANDARD BOOK NUMBER | |
| Cancelled/invalid ISBN | 9781409468752 |
| 035 ## - SYSTEM CONTROL NUMBER | |
| System control number | (OCoLC)ocn849641400 |
| 040 ## - CATALOGING SOURCE | |
| Original cataloging agency | DLC |
| Language of cataloging | eng |
| Transcribing agency | DLC |
| Modifying agency | YDX |
| -- | OCLCO |
| -- | BTCTA |
| -- | YDXCP |
| -- | OCLCO |
| -- | UKMGB |
| -- | OCLCF |
| -- | J2H |
| -- | PUL |
| -- | NLE |
| -- | DLC |
| -- | EG-ScBUE |
| 043 ## - GEOGRAPHIC AREA CODE | |
| Geographic area code | ma----- |
| 082 04 - DEWEY DECIMAL CLASSIFICATION NUMBER | |
| Classification number | 320.9174927 |
| Item number | ARA |
| Edition number | 22 |
| 245 04 - TITLE STATEMENT | |
| Title | The Arab Spring and Arab Thaw : |
| Remainder of title | unfinished revolutions and the quest for democracy / |
| Statement of responsibility, etc | edited by John Davis. |
| 260 ## - PUBLICATION, DISTRIBUTION, ETC. (IMPRINT) | |
| Place of publication, distribution, etc | Surrey ; |
| -- | Burlington : |
| Name of publisher, distributor, etc | Ashgate Publishing Company, |
| Date of publication, distribution, etc | c.2013. |
| 300 ## - PHYSICAL DESCRIPTION | |
| Extent | ix, 300 p. ; |
| Dimensions | 24 cm. |
| 504 ## - BIBLIOGRAPHY, ETC. NOTE | |
| Bibliography, etc | Includes bibliographical references and index. |
| 505 0# - FORMATTED CONTENTS NOTE | |
| Formatted contents note | Introduction : the Arab Spring and Arab thaw / John Davis -- Part I: Revolts and counter revolts in a turbulent region -- New discourse, old Orientalism : a critical evaluation of the "Arab Spring for women"? / Laura Sjoberg and Jonathon Whooley -- What makes Yemen's spring different? / Ahmad Ali AI-Ahsab -- Libya's revolution : a transformative year / Mohamed A. EI-Khawas -- Revolution in Syria : the struggle for freedom in a regional battle / Radwan Ziadeh -- Egypt's revolution : a two-year journey / Mohamed A. EI-Khawas -- Part II: Regional and non-regional institutional involvement, American perspectives and winners and losers -- The GCC countries and the Arab Spring : between outreach, patronage and repression / Silvia Colombo -- The Arab League and the Arab uprisings / Bruce Maddy-Weitzman -- The EU and the Arab Spring : interests, ideals or irrelevance? / David Jervis -- The Arab Spring and Arab thaw : the Obama administration's response to a region in turmoil / John Davis -- The unfinished revolutions : evaluating the winners and losers / John Davis. |
| 650 #0 - SUBJECT ADDED ENTRY--TOPICAL TERM | |
| Topical term or geographic name as entry element | Arab Spring, 2010- |
| Source of heading or term | BUEsh |
| 650 #0 - SUBJECT ADDED ENTRY--TOPICAL TERM | |
| Topical term or geographic name as entry element | Revolutions |
| Geographic subdivision | Arab countries |
| General subdivision | History |
| Chronological subdivision | 21st century. |
| Source of heading or term | BUEsh |
| 9 (RLIN) | 40495 |
| 650 #0 - SUBJECT ADDED ENTRY--TOPICAL TERM | |
| Topical term or geographic name as entry element | Democratization |
| Geographic subdivision | Arab countries |
| General subdivision | History |
| Chronological subdivision | 21st century. |
| Source of heading or term | BUEsh |
| 651 #0 - SUBJECT ADDED ENTRY--GEOGRAPHIC NAME | |
| Geographic name | Arab countries |
| General subdivision | Politics and government |
| Chronological subdivision | 21st century. |
| Source of heading or term | BUEsh |
| 653 ## - INDEX TERM--UNCONTROLLED | |
| Resource For college | Law |
| -- | BAEPS, Political Science |
| Arrived date list | August 2016 |
| 700 1# - ADDED ENTRY--PERSONAL NAME | |
| Personal name | Davis, John, |
| Dates associated with a name | 1962- |
| Relator term | editor. |
| 942 ## - ADDED ENTRY ELEMENTS (KOHA) | |
| Source of classification or shelving scheme | Dewey Decimal Classification |
| Withdrawn status | Item status | Source of classification or shelving scheme | Damaged status | Not for loan | Vendor | Home library | Current library | Shelving location | Date acquired | Source of acquisition | Cost, normal purchase price | Serial Enumeration / chronology | Total Checkouts | Total Renewals | Full call number | Barcode | Date last seen | Date last borrowed | Cost, replacement price | Koha item type |
|---|---|---|---|---|---|---|---|---|---|---|---|---|---|---|---|---|---|---|---|---|
| Dewey Decimal Classification | Baccah | Central Library | Central Library | First floor | 01/08/2016 | Purchase | 1211.00 | 26102 | 1 | 3 | 320.9174927 ARA | 000033075 | 15/07/2025 | 26/09/2016 | 1513.00 | Book - Borrowing |